Birds by Letter - N - Statistics

General Stats
  • This quiz has been taken 28 times
  • The average score is 4 of 14
Answer Stats
Picture Answer % Correct
Nightjar
88%
Nuthatch
81%
Nightingale
65%
Noddy
54%
Nutcracker
38%
Nunbird
19%
Nativehen
15%
Needletail
15%
Nothura
15%
Nunlet
8%
Negrito
4%
Nicator
4%
Niltava
4%
Newtonia
0%
No matching quizzes found
Score Distribution
Percent of People with Each Score
Percentile by Number Answered
Your Score History
You have not taken this quiz